000
00360nam a2200133Ia 4500
008
151001s9999||||xx |||||||||||||| ||und||
100
_a
अनंत तिबिले
245
_a
अग्निरेखा
250
_a
1
260
_b
विभासा पुस्तक महाल
260
_c
2009
300
_a
600
365
_b
21
999
_c
997261
_d
997258